Bundesliga 15 or More Clean Sheets GK by Season in 21C - Statistics

General Stats
  • This quiz has been taken 61 times
  • The average score is 17 of 20
Answer Stats
Season Player Country Club Clean Sheets % Correct
09/10 Manuel Neuer Germany Schalke 04 15
100%
11/12 Manuel Neuer Germany Bayern Munich 17
100%
12/13 Manuel Neuer Germany Bayern Munich 18
100%
13/14 Manuel Neuer Germany Bayern Munich 15
100%
14/15 Manuel Neuer Germany Bayern Munich 20
100%
15/16 Manuel Neuer Germany Bayern Munich 21
100%
19/20 Manuel Neuer Germany Bayern Munich 15
100%
01/02 Oliver Kahn Germany Bayern Munich 19
98%
02/03 Oliver Kahn Germany Bayern Munich 17
98%
04/05 Oliver Kahn Germany Bayern Munich 15
98%
Yann Sommer Switzerland Borussia MG 15
94%
23/24 Lukas Hradecky Finland Bayer Leverkusen 15
83%
Roman Weidenfeller Germany Dortmund 15
83%
18/19 Péter Gulácsi Hungary RB Leipzig 16
81%
20/21 Péter Gulácsi Hungary RB Leipzig 15
81%
Marc-André ter Stegen Germany Borussia MG 15
73%
Bernd Leno Germany Bayer Leverkusen 16
69%
03/04 Timo Hildebrand Germany VfB Stuttgart 18
56%
Oliver Reck Germany Schalke 04 15
29%
Rein van Duijnhoven Netherlands VfL Bochum 15
8%
No matching quizzes found
Score Distribution
Percent of People with Each Score
Percentile by Number Answered
Your Score History
You have not taken this quiz